000 01344nam a2200313 i 4500
001 179154
003 ES-MaACL
005 20260309102517.0
008 110920s2009 sp acfo |||| |cspa d
017 _aVG 1253-2009
_bOficina Depósito Legal Vigo
020 _a9788495364944
040 _cES-MaACL
080 _a929 Capdevielle San Martín, Juana
080 _a929 Pérez Carballo, Francisco
080 _a323.28(460.111)"1936/39"
100 1 _aTorres, Rafael,
_9176043
_eaut
_d1955-
245 1 0 _aNuestra Señora de la Cuneta :
_bvida y muerte de la intelectual republicana Juana Capdevielle y de su amor, Francisco Pérez Carballo, gobernador civil de La Coruña /
_cRafael Torres.
260 _aVigo (Pontevedra) :
_bNigra Trea,
_c[2009].
300 _a122 páginas, XVI, XVI páginas de láminas :
_bilustraciones ;
_c21 cm.
490 1 _aPorta de papel
600 1 7 _aCapdevielle San Martín, Juana,
_d1902-1936
_2embne
_9147972
600 0 _aPérez Carballo, Francisco,
_d1911-1936
_9237174
650 7 _aRepresión política-
_zGalicia-
_y1936-1939.
_9151464
830 0 _aPorta de papel
_9224413
852 _aES-MaACL
_cDEPOJ
_jN-10284
_9204544
_xEncuadernación rústica con solapas
942 _cMONOGRAFIA
_n0
999 _c179154
_d179154